Statistics for Albums Of 1975

Click here to take the quiz!

General Stats

  • This quiz has been taken 33 times
  • The average score is 11 of 20

Answer Stats

AlbumArtist% Correct
Born To RunBruce Springsteen
93%
Wish You Were HerePink Floyd
93%
A Night At The OperaQueen
93%
Rhinestone CowboyGlen Campbell
81%
One Of These NightsThe Eagles
81%
Physical GraffitiLed Zeppelin
78%
Still Crazy After All These YearsPaul Simon
67%
Toys In The AtticAerosmith
59%
Welcome To My NightmareAlice Cooper
56%
Love Will Keep Us TogetherCaptain & Tennille
48%
Dreamboat AnnieHeart
48%
Venus And MarsWings
48%
The Dream WeaverGary Wright
41%
Fly By NightRush
37%
Red Headed StrangerWillie Nelson
33%
Fool For The CityFoghat
30%
Never Can Say GoodbyeGloria Gaynor
30%
Red OctopusJefferson Starship
26%
Song For AmericaKansas
15%
On Your Feet Or On Your KneesBlue Oyster Cult
11%

Score Distribution

Percentile by Number Answered

Percent of People with Each Score

Your Score History

You have not taken this quiz